[Event "Warsaw Maciei Memorial"]
[Site "Warsaw"]
[Date "2025.07.07"]
[Round "6"]
[White "Peng, Xiongjian"]
[Black "Teclaf, Pawel"]
[Result "0-1"]
[WhiteElo "2520"]
[BlackElo "2570"]
[PlyCount "118"]
[EventDate "2025.07.07"]
[EventType "swiss (blitz)"]
[EventRounds "11"]
[EventCountry "POL"]
[SourceTitle "CB28_2025"]
[SourceDate "2025.07.09"]
[SourceVersion "1"]
[SourceVersionDate "2025.07.09"]
[SourceQuality "1"]

1. e4 c6 2. d4 d5 3. e5 Bf5 4. h4 h5 5. c4 e6 6. Nc3 Be7 7. Nf3 Bg4 8. cxd5 cxd5 9. Qb3 Qd7 10. Be3 Nc6 11. Ng5 Nh6 12. f3 Bf5 13. Be2 Bg6 14. Bf2 Nf5 15. Rd1 0-0 16. g4 hxg4 17. fxg4 Nh6 18. Nh3 Bb4 19. Nf4 Be4 20. Rh3 f6 21. g5 fxe5 22. dxe5 Rxf4 23. gxh6 Qf7 24. Be3 Rf8 25. a3 Ba5 26. Bxf4 Qxf4 27. Qxb7 Qf2+ 28. Kd2 Qf4+ 29. Re3 Qxh6 30. Qxc6 Bb6 31. Nxe4 Qxe3+ 32. Kc2 Qxe2+ 33. Nd2 Qxe5 34. Kb1 Qe2 35. Qc2 Be3 36. Ka2 Kh8 37. h5 Qf2 38. Qd3 Bh6 39. Nb3 Qf5 40. Qe2 Qf3 41. Re1 Qxe2 42. Rxe2 Re8 43. Nd4 e5 44. Nc6 e4 45. b4 Bg5 46. Kb3 Bf6 47. Rd2 d4 48. Kc4 e3 49. Re2 a6 50. a4 Kh7 51. b5 axb5+ 52. axb5 Rc8 53. Kd3 Kh6 54. Rc2 Ra8 55. Ke4 Re8+ 56. Kd3 Ra8 57. Ke4 Ra3 58. Rc4 e2 59. Rc1 Re3+ 0-1

[Event "Warsaw Maciei Memorial"]
[Site "Warsaw"]
[Date "2025.07.07"]
[Round "5"]
[White "Teclaf, Pawel"]
[Black "Kokoszczynski, Jan"]
[Result "1-0"]
[WhiteElo "2570"]
[BlackElo "2301"]
[PlyCount "77"]
[EventDate "2025.07.07"]
[EventType "swiss (blitz)"]
[EventRounds "11"]
[EventCountry "POL"]
[SourceTitle "CB28_2025"]
[SourceDate "2025.07.09"]
[SourceVersion "1"]
[SourceVersionDate "2025.07.09"]
[SourceQuality "1"]

1. Nf3 d5 2. e3 c6 3. c4 Nf6 4. Nc3 a6 5. h3 e6 6. b3 b5 7. Bb2 Nbd7 8. cxd5 cxd5 9. Rc1 Bb7 10. g3 Bd6 11. Bg2 0-0 12. 0-0 Nc5 13. d3 b4 14. Ne2 a5 15. Ne5 Nfd7 16. Nxd7 Qxd7 17. e4 Be7 18. exd5 Bxd5 19. Bxd5 Qxd5 20. Nf4 Qf5 21. Re1 Bd6 22. Rc4 e5 23. Bxe5 Rad8 24. d4 Ne4 25. Qc2 Bxe5 26. dxe5 Qxe5 27. Qxe4 Qb2 28. Rc2 Qf6 29. Nd5 Qh6 30. h4 Qd6 31. Rd2 Qa6 32. Ne7+ Kh8 33. Rxd8 Rxd8 34. Nf5 h6 35. Qe5 Rg8 36. Qd6 Qb5 37. Nxh6 Rc8 38. Nxf7+ Kh7 39. Ng5+ 1-0

[Event "PlusCity Grand Prix Blitz"]
[Site "Pasching"]
[Date "2025.05.29"]
[Round "3"]
[White "Korchynskyi, Mykola"]
[Black "Teclaf, Pawel"]
[Result "1/2-1/2"]
[WhiteElo "2325"]
[BlackElo "2555"]
[PlyCount "53"]
[EventDate "2025.05.29"]
[EventType "swiss (blitz)"]
[EventRounds "13"]
[EventCountry "AUT"]
[SourceTitle "CB23_2025"]
[SourceDate "2025.06.04"]
[SourceVersion "1"]
[SourceVersionDate "2025.06.04"]
[SourceQuality "1"]

1. d4 e6 2. Nf3 Nf6 3. c4 b6 4. g3 Bb7 5. Bg2 g6 6. 0-0 Bg7 7. Nc3 Ne4 8. Qc2 Nxc3 9. Qxc3 0-0 10. Rd1 c5 11. Be3 Bxf3 12. Bxf3 Nc6 13. Bxc6 dxc6 14. Qd3 cxd4 15. Bxd4 Bxd4 16. Qxd4 Qg5 17. Qe4 Rad8 18. h4 Qc5 19. b3 Qa3 20. Qxc6 Rxd1+ 21. Rxd1 Qxa2 22. Qf3 h5 23. Rd7 a5 24. Rb7 a4 25. bxa4 Qxc4 26. Rxb6 Qxa4 27. Rb7 1/2-1/2

[Event "POL-ch 82nd"]
[Site "Krakow"]
[Date "2025.05.11"]
[Round "6"]
[White "Luczak, Filip"]
[Black "Teclaf, Pawel"]
[Result "1/2-1/2"]
[WhiteElo "2330"]
[BlackElo "2555"]
[PlyCount "60"]
[EventDate "2025.05.06"]
[EventType "tourn"]
[EventRounds "9"]
[EventCountry "POL"]
[EventCategory "12"]
[SourceTitle "CB21_2025"]
[SourceDate "2025.05.21"]
[SourceVersion "1"]
[SourceVersionDate "2025.05.21"]
[SourceQuality "1"]

1. g3 d5 2. Bg2 Nf6 3. d3 e5 4. Nf3 Nc6 5. 0-0 h6 6. c4 dxc4 7. dxc4 Bd6 8. Nc3 0-0 9. Nb5 e4 10. Nd2 Bf5 11. Nxd6 Qxd6 12. Nb3 Qe5 13. Bf4 Qxb2 14. Bxc7 Ne8 15. Ba5 Nxa5 16. Nxa5 Nf6 17. e3 Rac8 18. Rb1 Qxa2 19. Nxb7 Bg4 20. Qd4 Rxc4 21. Ra1 Qc2 22. Qxa7 Rc7 23. Rfb1 Bc8 24. h3 Re8 25. Bf1 Ree7 26. Qa8 Red7 27. Na5 Kh7 28. Nc4 Bb7 29. Qa4 Qxa4 30. Rxa4 Bc6 1/2-1/2

[Event "POL-ch 82nd"]
[Site "Krakow"]
[Date "2025.05.10"]
[Round "5"]
[White "Teclaf, Pawel"]
[Black "Tomczak, Jacek"]
[Result "1/2-1/2"]
[WhiteElo "2555"]
[BlackElo "2568"]
[PlyCount "60"]
[EventDate "2025.05.06"]
[EventType "tourn"]
[EventRounds "9"]
[EventCountry "POL"]
[EventCategory "12"]
[SourceTitle "CB21_2025"]
[SourceDate "2025.05.21"]
[SourceVersion "1"]
[SourceVersionDate "2025.05.21"]
[SourceQuality "1"]

1. c4 Nf6 2. Nf3 c5 3. Nc3 d5 4. cxd5 Nxd5 5. e3 e6 6. b3 Nxc3 7. dxc3 Qxd1+ 8. Kxd1 g6 9. e4 Bg7 10. Kc2 Bd7 11. Be3 Bc6 12. Nd2 Nd7 13. a4 Ke7 14. Bb5 Rhc8 15. Rhd1 Bd4 16. Bxc6 Rxc6 17. Nc4 Bxe3 18. Nxe3 f6 19. Rd2 Rd6 20. Re2 Ne5 21. f4 Nc6 22. Nd5+ exd5 23. exd5+ Kd7 24. dxc6+ Kxc6 25. Rae1 Rad8 26. Re6 f5 27. Rxd6+ Rxd6 28. Re7 Rd7 29. Re6+ Rd6 30. Re7 Rd7 1/2-1/2

[Event "Southend GM"]
[Site "Southend"]
[Date "2025.04.17"]
[Round "2"]
[White "Harvey, Marcus Ross"]
[Black "Teclaf, Pawel"]
[Result "1/2-1/2"]
[WhiteElo "2474"]
[BlackElo "2555"]
[PlyCount "140"]
[EventDate "2025.04.17"]
[EventType "tourn"]
[EventRounds "9"]
[EventCountry "ENG"]
[EventCategory "6"]
[SourceTitle "CB17_2025"]
[SourceDate "2025.04.23"]
[SourceVersion "1"]
[SourceVersionDate "2025.04.23"]
[SourceQuality "1"]

1. c4 e6 2. Nc3 Bb4 3. Qc2 c5 4. a3 Bxc3 5. Qxc3 Nf6 6. b4 b6 7. Bb2 Bb7 8. Nf3 0-0 9. e3 d6 10. Be2 e5 11. 0-0 Ne4 12. Qb3 Ng5 13. Ne1 Ne6 14. bxc5 Nxc5 15. Qd1 Qe7 16. a4 Nc6 17. d4 exd4 18. exd4 Rfe8 19. Bf3 Ne4 20. Nc2 Na5 21. Na3 d5 22. Bxe4 Qxe4 23. c5 Nc4 24. Nxc4 dxc4 25. f3 Qe3+ 26. Kh1 bxc5 27. dxc5 Rad8 28. Qe1 Qxc5 29. Qc3 f6 30. Rfe1 Rxe1+ 31. Qxe1 Bc6 32. Qe6+ Kh8 33. Re1 c3 34. Ba3 Qd5 35. Qe7 a5 36. h3 h6 37. Qc7 c2 38. Re7 Rg8 39. Kh2 Bxa4 40. Bc1 Qc6 41. Qxc6 Bxc6 42. Rc7 Ba4 43. Ra7 Rc8 44. Rxa5 Be8 45. Kg3 Kg8 46. Kf2 Bf7 47. Ra7 Bc4 48. Rd7 Kf8 49. Ba3+ Kg8 50. Bc1 h5 51. h4 Bf7 52. Kg3 Bg6 53. Ra7 Re8 54. Kf2 Rd8 55. Rc7 Rd1 56. Bf4 Bf5 57. Rc6 Kf7 58. Rc7+ Ke6 59. Kg3 Kd5 60. Be3 Bd3 61. Rxg7 Re1 62. Bf4 Bb5 63. Rf7 c1Q 64. Bxc1 Rxc1 65. Rxf6 Ke5 66. Rg6 Be8 67. Rg5+ Kf6 68. Ra5 Rc6 69. Rg5 Bg6 70. Ra5 Rb6 1/2-1/2

[Event "Krakow op-A 35th"]
[Site "Krakow"]
[Date "2024.12.30"]
[Round "4"]
[White "Teclaf, Pawel"]
[Black "Musial, Igor"]
[Result "1-0"]
[WhiteElo "2569"]
[BlackElo "2304"]
[PlyCount "97"]
[EventDate "2024.12.27"]
[EventType "swiss"]
[EventRounds "9"]
[EventCountry "POL"]
[SourceTitle "CB02_2025"]
[SourceDate "2025.01.08"]
[SourceVersion "1"]
[SourceVersionDate "2025.01.08"]
[SourceQuality "1"]

1. c4 c5 2. Nf3 Nf6 3. Nc3 Nc6 4. d4 cxd4 5. Nxd4 g6 6. g3 d6 7. Bg2 Bd7 8. Nb3 Qc8 9. Bg5 Bg7 10. 0-0 Bh3 11. Bxf6 Bxf6 12. Nd5 Bxg2 13. Nxf6+ exf6 14. Kxg2 Qe6 15. Rc1 h5 16. Nd4 Qe4+ 17. Nf3 0-0-0 18. Qd5 Qe6 19. Rfd1 Rhe8 20. Nd4 Nxd4 21. Qxd4 Qe4+ 22. Qxe4 Rxe4 23. e3 Kc7 24. b3 Kc6 25. Rc2 Re5 26. Rd4 b6 27. Kf3 Rd7 28. Ke2 Rde7 29. Rcd2 R7e6 30. Kd3 f5 31. Kc3 Re4 32. Rd5 h4 33. b4 hxg3 34. hxg3 Rf6 35. a4 g5 36. a5 Re8 37. axb6 axb6 38. Ra2 Kb7 39. Rd1 Ra8 40. Rxa8 Kxa8 41. Rh1 b5 42. cxb5 f4 43. gxf4 gxf4 44. e4 Re6 45. Kd4 Re5 46. Rh8+ Kb7 47. Rh7 Rxb5 48. Rxf7+ Kc6 49. Kc4 1-0